Most Common U.S. Male Names - Extreme - Statistics

General Stats
  • This quiz has been taken 951 times
    884 since last reset
  • The average score is 296 of 1000
Answer Stats
# Name % Correct
2,812,970 John
95%
410,761 Jack
91%
3,004,260 James
91%
3,653,380 Michael
90%
19,969 Will
89%
119,205 Chris
88%
61,034 Dan
87%
81,733 Don
87%
513,175 Jose
87%
2,674,870 Robert
87%
2,230,560 William
87%
118,105 Andre
86%
1,230,470 Charles
86%
1,636,270 Daniel
86%
1,119,240 Mark
86%
2,766,170 David
85%
563,578 George
85%
39,356 Ben
84%
13,148 Bo
84%
118,865 Harry
84%
201,432 Joe
84%
133,744 Jon
84%
17,765 Matt
84%
20,057 Pete
84%
48,391 Sam
84%
162,730 Steve
84%
1,488,470 Thomas
84%
680,724 Donald
83%
1,703,180 Joseph
83%
242,691 Alex
82%
1,531,170 Matthew
82%
396,881 Peter
82%
1,134,520 Andrew
81%
1,909,690 Christopher
81%
836,797 Paul
81%
1,498,370 Richard
81%
28,300 Ron
81%
69,375 Tom
81%
704,467 Benjamin
80%
355,749 Frank
80%
121,617 Marc
80%
661,298 Alexander
79%
608,910 Edward
79%
368,937 Henry
79%
136,754 Mike
79%
617,261 Samuel
79%
71,355 Bill
78%
272,981 Jackson
77%
38,548 Bob
76%
234,455 Carl
76%
80,092 Charlie
76%
79,388 Jim
76%
24,572 Ken
76%
1,075,730 Steven
76%
45,187 Ty
76%
1,211,870 Anthony
75%
804,132 Eric
75%
60,232 Luca
75%
201,070 Oliver
75%
680,988 Ronald
75%
63,949 Tim
75%
71,855 Brad
74%
63,356 Greg
74%
981,594 Jason
74%
754,376 Justin
74%
132,908 Leo
74%
296,621 Luke
74%
216,926 Marcus
74%
662,330 Stephen
74%
533,628 Adam
73%
303,987 Lucas
73%
532,795 Nathan
73%
27,432 Nick
73%
590,223 Gregory
72%
919,690 Jacob
72%
14,260 Josh
72%
1,057,830 Kevin
72%
13,112 Pat
72%
10,804 Phil
72%
921,502 Ryan
72%
1,047,250 Brian
71%
93,148 Jeff
71%
1,192,240 Joshua
71%
89,266 Leon
71%
842,816 Nicholas
71%
64,513 Rick
71%
584,753 Tyler
71%
429,432 Christian
70%
102,286 Fred
70%
140,777 Jay
70%
191,229 Jimmy
70%
398,782 Sean
70%
926,661 Timothy
70%
312,712 Liam
69%
202,914 Martin
69%
558,671 Patrick
69%
559,282 Aaron
68%
113,893 Jake
68%
383,432 Jordan
68%
463,121 Kyle
68%
171,379 Louis
68%
532,810 Zachary
67%
200,932 Billy
66%
741,942 Brandon
66%
421,863 Jeremy
66%
814,554 Jonathan
66%
123,428 Leonard
66%
804,147 Kenneth
65%
473,922 Noah
65%
217,442 Danny
64%
270,986 Evan
64%
90,251 Ray
64%
14,713 Anton
63%
186,151 Bobby
63%
280,403 Bradley
63%
37,731 Dave
63%
135,771 Eli
63%
463,840 Ethan
63%
104,883 Francis
63%
288,459 Isaac
63%
237,980 Victor
63%
520,542 Larry
62%
77,303 Andy
61%
356,589 Bryan
61%
122,544 Eddie
61%
626,511 Gary
61%
375,470 Jerry
61%
220,185 Johnny
61%
116,073 Max
61%
105,832 Taylor
61%
116,888 Tommy
61%
188,702 Tony
61%
168,698 Harold
60%
245,254 Nathaniel
60%
11,762 Scot
60%
283,470 Shawn
60%
273,713 Alan
59%
206,778 Arthur
59%
47,240 Joey
59%
63,640 Lewis
59%
24,459 Theo
59%
80,595 Abraham
58%
135,153 Frederick
58%
79,911 Harrison
58%
838,888 Jeffrey
58%
213,639 Jesus
58%
257,755 Vincent
58%
227,271 Gerald
57%
127,139 Lee
57%
321,989 Mason
57%
177,715 Albert
56%
170,024 Allen
56%
409,456 Austin
56%
11,134 Carlo
56%
75,587 Franklin
56%
367,149 Gabriel
56%
320,019 Juan
56%
668,820 Scott
56%
54,200 Simon
56%
180,123 Theodore
56%
270,308 Carlos
55%
256,587 Bruce
54%
79,772 Jamie
54%
228,920 Lawrence
54%
138,724 Oscar
54%
209,496 Owen
54%
232,065 Phillip
54%
220,534 Walter
54%
226,049 Antonio
53%
250,822 Hunter
53%
241,273 Ian
53%
213,239 Philip
53%
398,293 Dylan
52%
208,221 Jeremiah
52%
224,591 Julian
52%
138,107 Mitchell
52%
370,460 Raymond
52%
184,589 Ricky
52%
188,634 Carter
51%
343,205 Elijah
51%
119,284 Ivan
51%
295,404 Cameron
50%
226,426 Connor
50%
422,988 Dennis
50%
72,720 Drew
50%
85,333 Leonardo
50%
368,467 Logan
50%
150,317 Xavier
50%
39,831 Arnold
49%
306,642 Caleb
49%
146,664 Cole
49%
223,590 Derek
49%
99,986 Miles
49%
17,333 Nico
49%
41,164 Ted
49%
314,794 Terry
49%
12,489 Bart
48%
134,110 Dean
48%
49,436 Elliot
48%
116,017 Grant
48%
177,717 Blake
47%
145,648 Calvin
47%
223,787 Chad
47%
280,683 Cody
47%
12,441 Jess
47%
77,247 Jonah
47%
42,671 Kenny
47%
97,307 Roberto
47%
125,481 Colin
46%
32,211 Hugh
46%
242,057 Jayden
46%
70,814 Marco
46%
181,312 Shane
46%
131,506 Barry
45%
25,888 Davis
45%
37,579 Morgan
45%
24,341 Morris
45%
119,764 Parker
45%
130,951 Stanley
45%
205,823 Wayne
45%
244,366 Aiden
44%
33,467 Clark
44%
108,865 Cooper
44%
17,567 Doug
44%
147,145 Erik
44%
233,813 Joel
44%
72,033 Neil
44%
195,296 Sebastian
44%
283,215 Travis
44%
86,103 Alfred
43%
27,823 Benny
43%
35,242 Drake
43%
183,658 Gavin
43%
51,030 Graham
43%
14,083 Hank
43%
121,048 Howard
43%
196,726 Jared
43%
22,856 Jax
43%
346,370 Keith
43%
21,243 Luka
43%
269,703 Randy
43%
17,607 Robbie
43%
211,499 Russell
43%
21,679 Timmy
43%
13,469 Chuck
42%
31,160 Finn
42%
131,669 Ricardo
42%
267,833 Roger
42%
26,897 Wilson
42%
123,622 Brent
41%
173,931 Chase
41%
13,301 Curt
41%
400,713 Douglas
41%
131,598 Edwin
41%
12,272 Garret
41%
67,769 Gordon
41%
130,322 Jorge
41%
34,535 Quinn
41%
19,728 Teddy
41%
86,906 Warren
41%
20,651 Archie
40%
40,149 August
40%
94,365 Norman
40%
131,897 Ronnie
40%
173,891 Roy
40%
154,954 Trevor
40%
247,241 Adrian
39%
58,476 Allan
39%
94,747 Darren
39%
102,418 Eduardo
39%
20,565 Freddy
39%
235,430 Isaiah
39%
67,094 Karl
39%
183,538 Levi
39%
76,387 Pedro
39%
57,348 Ross
39%
28,750 Sammy
39%
31,409 Ali
38%
77,801 Collin
38%
247,216 Craig
38%
43,206 Donnie
38%
198,854 Dustin
38%
48,105 Jude
38%
61,432 Kai
38%
71,277 Kurt
38%
128,778 Mario
38%
62,496 Marshall
38%
122,605 Marvin
38%
103,085 Mateo
38%
99,262 Maxwell
38%
93,677 Riley
38%
84,800 Roman
38%
48,538 Trent
38%
180,795 Troy
38%
184,381 Wesley
38%
246,496 Angel
37%
25,123 Colt
37%
94,255 Edgar
37%
40,854 Freddie
37%
46,776 Geoffrey
37%
323,728 Jesse
37%
12,381 Kris
37%
93,032 Lance
37%
18,602 Van
37%
87,604 Brendan
36%
121,643 Carson
36%
31,395 Clay
36%
120,275 Cory
36%
179,096 Curtis
36%
115,076 Grayson
36%
47,872 Harvey
36%
106,112 Hayden
36%
78,997 Jaden
36%
93,479 Johnathan
36%
134,344 Manuel
36%
19,669 Mickey
36%
42,347 Pablo
36%
145,524 Ralph
36%
19,014 Stewart
36%
183,672 Willie
36%
82,686 Ashton
35%
54,584 Beau
35%
74,271 Bernard
35%
134,543 Derrick
35%
69,442 Devon
35%
10,720 Eddy
35%
137,430 Eugene
35%
121,730 Francisco
35%
176,917 Landon
35%
50,150 Nelson
35%
102,538 Preston
35%
30,513 Toby
35%
190,972 Wyatt
35%
74,444 Alvin
34%
26,639 Bret
34%
142,964 Colton
34%
175,016 Corey
34%
116,477 Ernest
34%
67,285 Glen
34%
45,862 Jackie
34%
23,921 Jonas
34%
41,058 Lukas
34%
13,991 Markus
34%
26,411 Marty
34%
173,852 Miguel
34%
36,361 Robin
34%
46,495 Stuart
34%
247,276 Todd
34%
114,906 Aidan
33%
26,405 Anderson
33%
131,827 Brayden
33%
27,994 Clint
33%
58,042 Jessie
33%
31,886 King
33%
109,811 Melvin
33%
14,930 Mohammed
33%
93,168 Nicolas
33%
118,022 Nolan
33%
23,201 Randal
33%
66,070 Shaun
33%
119,946 Tristan
33%
28,398 Wallace
33%
57,701 Abel
32%
54,668 Alberto
32%
94,328 Asher
32%
53,126 Dallas
32%
100,848 Damian
32%
151,005 Devin
32%
118,961 Diego
32%
169,494 Dominic
32%
49,516 Elliott
32%
26,497 Ellis
32%
45,538 Julius
32%
51,757 Kent
32%
25,995 Kim
32%
19,416 Mack
32%
21,145 Noe
32%
37,206 Quentin
32%
50,373 Tucker
32%
45,559 Tyson
32%
63,341 Weston
32%
116,980 Bryce
31%
34,271 Chandler
31%
56,292 Felix
31%
30,757 Frankie
31%
30,054 Hugo
31%
106,087 Jaxon
31%
135,045 Josiah
31%
56,063 Kirk
31%
90,643 Lincoln
31%
267,269 Luis
31%
46,835 Perry
31%
156,056 Seth
31%
62,419 Axel
30%
56,377 Bennett
30%
147,349 Brett
30%
31,674 Cade
30%
61,183 Damien
30%
61,390 Damon
30%
105,035 Elias
30%
53,379 Emmett
30%
57,195 Gene
30%
16,092 Jean
30%
21,561 Lionel
30%
57,938 Lloyd
30%
46,430 Malcolm
30%
80,011 Maurice
30%
32,032 Milo
30%
39,521 Noel
30%
110,677 Spencer
30%
24,094 Tomas
30%
18,886 Vance
30%
22,169 Winston
30%
10,840 Benson
29%
90,006 Brady
29%
103,459 Clayton
29%
164,009 Dale
29%
64,540 Dwayne
29%
127,475 Garrett
29%
64,607 Herbert
29%
95,698 Hudson
29%
56,425 Julio
29%
98,295 Omar
29%
18,741 Prince
29%
40,219 Rowan
29%
94,441 Tanner
29%
56,581 Wade
29%
136,620 Alejandro
28%
57,883 Angelo
28%
17,398 Aron
28%
13,139 Ashley
28%
59,381 Avery
28%
62,844 Dillon
28%
14,228 Elvis
28%
92,430 Fernando
28%
33,356 Garry
28%
43,708 Jasper
28%
100,149 Javier
28%
44,189 Lester
28%
18,776 Muhammad
28%
24,370 Quincy
28%
35,253 Saul
28%
36,962 Xander
28%
64,970 Alexis
27%
23,771 Archer
27%
34,771 Chester
27%
50,946 Dwight
27%
140,384 Glenn
27%
13,165 Homer
27%
55,587 Jameson
27%
15,551 Jan
27%
67,306 Kelly
27%
52,320 Leslie
27%
28,112 Moses
27%
155,272 Randall
27%
46,615 Roland
27%
25,686 Tobias
27%
38,946 Trey
27%
77,749 Brody
26%
29,471 Carlton
26%
84,195 Ezra
26%
64,278 Gilbert
26%
95,749 Hector
26%
25,225 Loren
26%
27,942 Marlon
26%
86,547 Reginald
26%
33,071 River
26%
23,660 Rocky
26%
24,979 Cash
25%
52,034 Chance
25%
64,767 Clinton
25%
66,867 Cristian
25%
78,130 Dalton
25%
52,780 Declan
25%
91,627 Earl
25%
74,260 Erick
25%
70,329 Ezekiel
25%
197,502 Jeffery
25%
83,121 Kaleb
25%
17,576 Maximilian
25%
12,437 Niko
25%
15,938 Porter
25%
35,995 Rex
25%
36,091 Rudy
25%
24,287 Sheldon
25%
26,473 Solomon
25%
19,338 Stefan
25%
35,400 Walker
25%
51,611 Alec
24%
107,562 Casey
24%
10,647 Ernie
24%
49,164 Floyd
24%
35,596 Gerard
24%
15,613 Horace
24%
60,073 Kristopher
24%
109,502 Micah
24%
11,338 Percy
24%
18,932 Raphael
24%
29,287 Reed
24%
16,540 Reese
24%
189,385 Rodney
24%
59,081 Terrence
24%
51,498 Zane
24%
13,953 Augustus
23%
67,930 Caden
23%
84,040 Emmanuel
23%
53,320 Enrique
23%
74,767 Everett
23%
29,691 Forrest
23%
65,641 Jaime
23%
17,889 Jefferson
23%
67,474 Kayden
23%
30,807 Kendrick
23%
15,226 Louie
23%
27,850 Matteo
23%
30,116 Rory
23%
58,304 Silas
23%
18,580 Ari
22%
26,002 Blaine
22%
45,023 Braden
22%
22,885 Conrad
22%
10,782 Denny
22%
30,412 Dexter
22%
31,718 Jamal
22%
33,833 Jayson
22%
21,218 Luther
22%
43,092 Milton
22%
14,998 Otto
22%
23,602 Payton
22%
28,188 Quinton
22%
10,804 Ronny
22%
60,694 Ryder
22%
67,986 Tyrone
22%
16,894 Willis
22%
20,897 Ace
21%
85,427 Ayden
21%
11,843 Buddy
21%
10,710 Callum
21%
54,867 Conner
21%
30,393 Dane
21%
49,783 Daryl
21%
46,181 Dawson
21%
56,576 Donovan
21%
20,642 Edmund
21%
24,031 Emerson
21%
26,226 Felipe
21%
47,745 Guy
21%
11,369 Hans
21%
39,852 Herman
21%
15,682 Hubert
21%
84,366 Jace
21%
31,112 Jakob
21%
94,751 Jerome
21%
62,220 Jonathon
21%
26,186 Lyle
21%
53,884 Myles
21%
50,144 Peyton
21%
16,859 Pierce
21%
59,606 Sawyer
21%
29,152 Alfonso
20%
47,270 Alfredo
20%
19,524 Bailey
20%
55,614 Bentley
20%
60,104 Braxton
20%
41,257 Brock
20%
45,070 Brooks
20%
86,614 Clarence
20%
28,966 Claude
20%
51,454 Colby
20%
38,793 Corbin
20%
72,211 Easton
20%
24,018 Harley
20%
21,102 Kade
20%
74,764 Leroy
20%
49,186 Marcos
20%
26,258 Otis
20%
25,715 Paxton
20%
77,341 Rafael
20%
21,293 Romeo
20%
10,831 Samson
20%
16,270 Scotty
20%
23,238 Stephan
20%
45,673 Bryant
19%
54,993 Camden
19%
26,208 Conor
19%
51,083 Darius
19%
38,027 Ernesto
19%
15,780 Finley
19%
81,830 Giovanni
19%
54,498 Greyson
19%
22,080 Gunner
19%
30,945 Judah
19%
40,157 Kerry
19%
22,825 Kody
19%
16,693 Kurtis
19%
41,749 Lane
19%
68,474 Lorenzo
19%
67,714 Mathew
19%
57,570 Maverick
19%
32,093 Maximus
19%
57,617 Ramon
19%
12,411 Rhys
19%
34,657 Sidney
19%
16,945 Sonny
19%
29,291 Zachariah
19%
87,040 Andres
18%
24,701 Antoine
18%
19,350 Brendon
18%
39,153 Cayden
18%
36,964 Cedric
18%
82,166 Clifford
18%
47,861 Clyde
18%
18,502 Darrel
18%
76,154 Darryl
18%
17,001 Duncan
18%
39,190 Fredrick
18%
29,143 Gregg
18%
62,822 Israel
18%
32,023 Jaiden
18%
24,604 Johnathon
18%
17,806 Kane
18%
46,321 Kelvin
18%
15,879 Mohammad
18%
22,094 Phoenix
18%
15,498 Pierre
18%
73,177 Raul
18%
18,915 Reece
18%
35,151 Reid
18%
93,130 Ruben
18%
15,497 Rusty
18%
76,647 Sergio
18%
18,022 Sylvester
18%
23,311 Tate
18%
27,995 Barrett
17%
11,406 Bruno
17%
57,494 Byron
17%
89,223 Dakota
17%
14,118 Denis
17%
44,007 Emilio
17%
32,160 Esteban
17%
27,159 Heath
17%
38,506 Jaylen
17%
14,921 Jensen
17%
31,145 Joaquin
17%
66,755 Kaden
17%
20,901 Kobe
17%
14,251 Lawson
17%
19,008 Nash
17%
41,469 Orlando
17%
37,552 Roderick
17%
46,871 Shannon
17%
59,875 Terrance
17%
43,763 Waylon
17%
41,601 Zion
17%
18,218 Amos
16%
12,132 Chadwick
16%
10,891 Dax
16%
12,315 Denver
16%
36,256 Desmond
16%
46,396 Griffin
16%
37,030 Gustavo
16%
11,956 Houston
16%
13,230 Johan
16%
36,747 Kyler
16%
18,177 Laurence
16%
36,084 Neal
16%
11,702 Nigel
16%
13,598 Rodger
16%
18,006 Rudolph
16%
18,974 Sherman
16%
56,399 Trenton
16%
11,573 Ulysses
16%
30,624 Zackary
16%
16,138 Ahmed
15%
24,279 Beckett
15%
13,759 Brice
15%
74,265 Cesar
15%
46,346 Dante
15%
25,486 Enzo
15%
16,466 Gunnar
15%
29,672 Holden
15%
38,857 Jalen
15%
21,816 Jett
15%
30,513 Kendall
15%
15,616 Kieran
15%
19,802 Kristian
15%
15,418 Marcel
15%
11,584 Matthias
15%
25,385 Rodrigo
15%
84,187 Santiago
15%
27,829 Terence
15%
12,775 Trace
15%
20,754 Aden
14%
17,021 Arlo
14%
15,749 Atticus
14%
35,613 Cecil
14%
25,973 Cruz
14%
11,298 Edmond
14%
40,710 Fabian
14%
14,832 Hayes
14%
48,968 Kaiden
14%
42,182 Kingston
14%
34,583 Nickolas
14%
10,697 Remy
14%
50,762 Tracy
14%
58,123 Vernon
14%
12,449 Wilbur
14%
28,428 Adan
13%
64,947 Armando
13%
24,967 Bradford
13%
26,621 Branden
13%
22,127 Caiden
13%
70,538 Duane
13%
26,223 Elmer
13%
41,871 Emanuel
13%
10,838 Fletcher
13%
59,363 Gage
13%
19,182 Gideon
13%
19,290 Isiah
13%
27,497 Jody
13%
42,426 Johnnie
13%
37,081 Kameron
13%
25,267 Lamar
13%
27,397 Lynn
13%
23,112 Marion
13%
12,082 Mathias
13%
125,433 Micheal
13%
17,960 Mohamed
13%
11,455 Monty
13%
17,707 Reuben
13%
17,742 Ronan
13%
36,889 Ryker
13%
28,990 Wendell
13%
26,829 Zander
13%
48,626 Arturo
12%
15,655 Aubrey
12%
20,936 Bennie
12%
11,168 Blair
12%
12,072 Boyd
12%
32,140 Brennan
12%
77,169 Bryson
12%
20,501 Cornelius
12%
21,775 Cyrus
12%
40,387 Dana
12%
115,659 Darrell
12%
12,777 Harlan
12%
15,843 Ibrahim
12%
39,798 Jermaine
12%
14,428 Killian
12%
59,192 Malachi
12%
22,858 Nikolas
12%
11,749 Odin
12%
41,082 Rene
12%
31,725 Rhett
12%
12,863 Sullivan
12%
28,621 Zayden
12%
17,015 Abram
11%
21,967 Alton
11%
48,234 Amir
11%
25,082 Brenden
11%
29,410 Darin
11%
25,486 Darnell
11%
16,717 Darwin
11%
17,105 Dion
11%
22,050 Dorian
11%
11,214 Emery
11%
31,531 Grady
11%
23,230 Ira
11%
23,970 Jarrod
11%
22,884 Jase
11%
63,505 Jaxson
11%
40,677 Jayce
11%
16,690 Jerald
11%
49,214 Jimmie
11%
12,305 Julien
11%
13,603 Kory
11%
47,239 Malik
11%
32,559 Rylan
11%
39,792 Salvador
11%
30,967 Alonzo
10%
17,514 Atlas
10%
15,804 Beckham
10%
11,785 Bodhi
10%
13,957 Braydon
10%
19,698 Cohen
10%
12,791 Dayton
10%
18,540 Derick
10%
13,188 Devan
10%
11,368 Hendrix
10%
38,380 Ismael
10%
21,525 Jarrett
10%
17,401 Junior
10%
18,876 Justice
10%
11,777 Kian
10%
19,961 Knox
10%
11,713 Lennox
10%
43,454 Maddox
10%
19,960 Orion
10%
31,608 Randolph
10%
21,201 Rocco
10%
12,083 Rufus
10%
14,078 Sage
10%
17,705 Skylar
10%
18,485 Stacy
10%
23,543 Titus
10%
16,021 Tommie
10%
18,119 Adonis
9%
11,825 Alden
9%
14,393 Aldo
9%
27,588 Amari
9%
11,899 Carey
9%
12,856 Coleman
9%
26,727 Darrin
9%
13,207 Daxton
9%
50,211 Dominick
9%
41,014 Gael
9%
17,144 Irvin
9%
12,772 Jarred
9%
37,045 Keegan
9%
55,497 Lonnie
9%
15,413 Lowell
9%
14,026 Luciano
9%
20,193 Matias
9%
13,084 Milan
9%
21,482 Remington
9%
22,588 Royce
9%
40,432 Skyler
9%
26,350 Sterling
9%
23,928 Thiago
9%
10,697 Uriah
9%
15,077 Vaughn
9%
10,877 Addison
8%
10,681 Alessandro
8%
20,084 Ariel
8%
18,189 Cary
8%
33,896 Demetrius
8%
21,410 Earnest
8%
35,397 Emiliano
8%
11,730 Finnegan
8%
10,690 Gino
8%
27,773 Guillermo
8%
21,329 Issac
8%
10,724 Jacoby
8%
11,363 Jarod
8%
15,331 Jarvis
8%
54,415 Josue
8%
26,576 Karter
8%
14,885 Kash
8%
15,939 Kolton
8%
11,639 Marlin
8%
16,571 Monte
8%
12,929 Rickie
8%
14,937 Wilbert
8%
20,941 Willard
8%
11,393 Zayne
8%
15,720 Asa
7%
13,384 Braeden
7%
37,950 Clifton
7%
13,105 Demarcus
7%
14,206 Deon
7%
22,626 Dominique
7%
13,077 Doyle
7%
14,096 Gianni
7%
19,576 Jamison
7%
19,702 Karson
7%
13,785 Kason
7%
12,647 Kayson
7%
31,985 Leland
7%
23,463 Messiah
7%
10,919 Shelby
7%
17,746 Thaddeus
7%
20,834 Tristen
7%
26,228 Adriel
6%
19,073 Ahmad
6%
11,121 Alonso
6%
10,739 Benito
6%
29,724 Brantley
6%
20,127 Courtney
6%
16,056 Darian
6%
11,976 Dewey
6%
15,066 Donte
6%
51,319 Gerardo
6%
23,618 Gilberto
6%
11,108 Hassan
6%
15,146 Ignacio
6%
12,643 Jeffry
6%
11,850 Kasey
6%
16,328 Kellen
6%
10,914 Korey
6%
22,394 Mauricio
6%
21,291 Maximiliano
6%
49,067 Rickey
6%
12,079 Royal
6%
11,684 Ryland
6%
14,367 Santos
6%
15,440 Tyrell
6%
23,220 Virgil
6%
15,432 Alvaro
5%
12,375 Braylen
5%
17,980 Braylon
5%
13,967 Brenton
5%
11,484 Carroll
5%
11,302 Cristopher
5%
16,194 Damion
5%
12,891 Davon
5%
28,356 Deandre
5%
11,353 Devonte
5%
11,859 Elisha
5%
15,901 Ervin
5%
17,138 Iker
5%
12,303 Irving
5%
15,288 Jamar
5%
13,086 Jordon
5%
16,842 Kareem
5%
21,139 Keaton
5%
17,186 Keenan
5%
15,558 Kyrie
5%
12,728 Layne
5%
23,564 Leonel
5%
14,964 Major
5%
23,368 Myron
5%
20,711 Nathanael
5%
19,577 Nehemiah
5%
11,151 Raiden
5%
28,919 Salvatore
5%
17,921 Vicente
5%
13,912 Armani
4%
14,400 Camron
4%
15,634 Colten
4%
14,883 Cullen
4%
21,008 Dewayne
4%
18,083 Ezequiel
4%
11,637 Kamden
4%
11,141 Kolby
4%
26,033 Landen
4%
21,491 Legend
4%
10,871 Marcelo
4%
16,428 Nasir
4%
14,191 Quintin
4%
11,362 Rohan
4%
22,155 Rolando
4%
13,882 Trevon
4%
19,226 Uriel
4%
11,941 Antwan
3%
11,751 Deangelo
3%
11,238 Elian
3%
14,874 Humberto
3%
16,524 Isaias
3%
16,959 Javon
3%
23,020 Khalil
3%
20,648 Lamont
3%
14,515 Malakai
3%
23,287 Marquis
3%
28,602 Moises
3%
12,126 Omari
3%
12,112 Stacey
3%
11,955 Talon
3%
32,380 Terrell
3%
13,645 Tyree
3%
13,262 Adolfo
2%
13,585 Agustin
2%
12,722 Alijah
2%
10,961 Arjun
2%
13,241 Brycen
2%
13,033 Bryon
2%
16,602 Delbert
2%
15,431 Deshawn
2%
11,061 Galen
2%
10,735 Jamel
2%
10,842 Jaron
2%
10,792 Kamari
2%
16,150 Moshe
2%
21,884 Ramiro
2%
16,701 Reynaldo
2%
22,911 Rogelio
2%
16,900 Roosevelt
2%
11,516 Santino
2%
11,346 Tevin
2%
28,862 Zachery
2%
17,204 Zackery
2%
10,864 Chaim
1%
12,628 Davion
1%
12,060 Donnell
1%
16,893 Efrain
1%
16,850 Guadalupe
1%
13,855 Izaiah
1%
10,787 Jairo
1%
14,049 Jamari
1%
12,552 Jayceon
1%
10,697 Joesph
1%
11,355 Landyn
1%
13,769 Osvaldo
1%
15,619 Rashad
1%
27,378 Rodolfo
1%
11,309 Triston
1%
15,659 Brayan
0%
11,844 Mekhi
0%
10,642 Rigoberto
0%
11,271 Ulises
0%
11,683 Yahir
0%
No matching quizzes found
Score Distribution
Percent of People with Each Score
Percentile by Number Answered
Your Score History
You have not taken this quiz since the last reset